|
|
|
|
| LEADER |
02715nam a2200589 a 4500 |
| 001 |
nkc20102150444 |
| 003 |
CZ PrNK |
| 005 |
20220530103022.0 |
| 007 |
ta |
| 008 |
101129s2009 xr a e 000 0 cze |
| 015 |
|
|
|a cnb002150444
|
| 020 |
|
|
|a 978-80-7375-459-4
|q (v knize neuvedeno ;
|q brož.)
|z 978-80-7399-901-8
|
| 035 |
|
|
|a (OCoLC)697267991
|
| 040 |
|
|
|a ABA001
|b cze
|
| 041 |
0 |
|
|a cze
|b eng
|
| 043 |
|
|
|a e-xr---
|
| 072 |
|
7 |
|a 674
|x Dřevo. Dřevařský průmysl
|2 Konspekt
|9 19
|
| 080 |
|
|
|a 674
|2 MRF
|
| 080 |
|
|
|a 694.1
|2 MRF
|
| 080 |
|
|
|a 33
|2 MRF
|
| 080 |
|
|
|a 674.8
|2 MRF
|
| 080 |
|
|
|a (437.3)
|2 MRF
|
| 080 |
|
|
|a (048.8)
|2 MRF
|
| 100 |
1 |
|
|a Lenoch, Josef
|7 mzk2005312807
|4 aut
|
| 245 |
1 |
0 |
|a Ekonomické zhodnocení potenciálu a možností využití suroviny v oblasti dřevostaveb =
|b Economic evaluation of the potential and possibilities for using wood raw material in the field of wood structures /
|c Josef Lenoch, František Kalousek
|
| 246 |
3 |
1 |
|a Economic evaluation of the potential and possibilities for using wood raw material in the field of wood structures
|
| 250 |
|
|
|a Vyd. 1.
|
| 260 |
|
|
|a Brno :
|b Mendelova zemědělská a lesnická univerzita v Brně,
|c 2009
|
| 300 |
|
|
|a 108 s. :
|b il. (převážně barev.) ;
|c 21 cm
|
| 500 |
|
|
|a Nad názvem: Mendelova zemědělská a lesnická univerzita v Brně, Lesnická a dřevařská fakulta, Ústav lesnické a dřevařské ekonomiky a politiky
|
| 500 |
|
|
|a 200 výt.
|
| 504 |
|
|
|a Obsahuje bibliografii
|
| 546 |
|
|
|a Anglické resumé
|
| 650 |
0 |
7 |
|a dřevozpracující průmysl
|7 ph114408
|z Česko
|2 czenas
|
| 650 |
0 |
7 |
|a dřevěné stavby
|7 ph119753
|z Česko
|2 czenas
|
| 650 |
0 |
7 |
|a dřevěné stavby
|7 ph119753
|x ekonomické aspekty
|2 czenas
|
| 650 |
0 |
7 |
|a materiály na bázi dřeva
|7 ph525327
|2 czenas
|
| 650 |
0 |
9 |
|a woodworking industry
|z Czechia
|2 eczenas
|
| 650 |
0 |
9 |
|a wooden buildings
|z Czechia
|2 eczenas
|
| 650 |
0 |
9 |
|a wooden buildings
|x economic aspects
|2 eczenas
|
| 650 |
0 |
9 |
|a wood-based materials
|2 eczenas
|
| 655 |
|
7 |
|a studie
|7 fd133597
|2 czenas
|
| 655 |
|
9 |
|a studies
|2 eczenas
|
| 700 |
1 |
|
|a Kalousek, František
|7 jx20051103027
|4 aut
|
| 710 |
2 |
|
|a Mendelova zemědělská a lesnická univerzita.
|b Ústav lesnické a dřevařské ekonomiky a politiky
|7 kn20030304012
|
| 856 |
4 |
1 |
|u http://www.digitalniknihovna.cz/mzk/uuid/uuid:a48adef0-026f-11e8-b1a1-005056827e52
|y Digitalizovaný dokument
|x NDK
|
| 910 |
2 |
|
|a BOA001
|b 2-1254.016
|
| 990 |
|
|
|a BK
|
| 995 |
|
|
|a 01
|
| 991 |
|
|
|b 201012
|c NOV
|j 674 LEN
|e n
|
| 996 |
6 |
|
|b 2610455194
|c 2-1254.016
|l MZK
|r Sklad / do 1 hodiny
|n 1
|p p.v.
|w 001158599
|u 000010
|a 1
|e BOA001
|j MZK50
|s P
|
| 996 |
7 |
|
|b 2610455195
|c 2-1254.016
|l MZK
|r Sklad / do 1 hodiny
|n 12
|p p.v.
|w 001158599
|u 000020
|a 1
|e BOA001
|j MZK50
|s A
|